00499nam a2200193Ia 4500008004100000020001800041050001800059050001400077100002200091245003000113245002200143260001700165260002100182260000900203300001600212300001100228650003400239650003200273160418s9999 xx 000 0 und d a971-584-418-9 aFIL PL 5548.4 b.R49 2005 aReyes, Edgardo M. aAng Mundong ito ay lupa / cEdgardo M. Reyes. aQuezon City: bC & E Pub. Inc., c2005 a383 pages : c20 cm. aPhilippine fiction (Tagalog). xShort stories, Philipines.